The tale of a church planter : (Record no. 11091)

MARC details
000 -LEADER
fixed length control field 00720nam a22002057a 4500
003 - CONTROL NUMBER IDENTIFIER
control field GBCCL
005 - DATE AND TIME OF LATEST TRANSACTION
control field 20251204112009.0
008 - FIXED-LENGTH DATA ELEMENTS--GENERAL INFORMATION
fixed length control field 251204b |||||||| |||| 00| 0 eng d
020 ## - INTERNATIONAL STANDARD BOOK NUMBER
International Standard Book Number 9781466484108
020 ## - INTERNATIONAL STANDARD BOOK NUMBER
International Standard Book Number 1466484101
040 ## - CATALOGING SOURCE
Transcribing agency GBC
082 ## - DEWEY DECIMAL CLASSIFICATION NUMBER
Classification number 254.1
Item number DES 1
100 ## - MAIN ENTRY--PERSONAL NAME
Personal name De Souza, Angela
245 ## - TITLE STATEMENT
Title The tale of a church planter :
Remainder of title the ups, downs, frustrations, joys and everything in-between on the roller coaster ride of church planting /
Statement of responsibility, etc. Angela De Souza
260 ## - PUBLICATION, DISTRIBUTION, ETC.
Place of publication, distribution, etc. [Place of publication not identified]
Name of publisher, distributor, etc. Angela De Souza,
Date of publication, distribution, etc. 2012
300 ## - PHYSICAL DESCRIPTION
Extent 227 pages :
Other physical details illustrations (black and white) ;
Dimensions 22 cm
650 ## - SUBJECT ADDED ENTRY--TOPICAL TERM
Topical term or geographic name entry element Church development, New
650 ## - SUBJECT ADDED ENTRY--TOPICAL TERM
Topical term or geographic name entry element Church growth
942 ## - ADDED ENTRY ELEMENTS (KOHA)
Source of classification or shelving scheme Dewey Decimal Classification
Koha item type Books
Suppress in OPAC No
Holdings
Withdrawn status Lost status Source of classification or shelving scheme Damaged status Not for loan Home library Current Library Shelving location Date acquired Total checkouts Full call number Barcode Date last seen Copy number Price effective from Koha item type
    Dewey Decimal Classification     GRACE BIBLE COLLEGE GRACE BIBLE COLLEGE Ministry & Mission 2025-12-04   254.1 DES 017395 2025-12-04 c.1 2025-12-04 Books
© Grace Bible College Library 2025